000 00966nam a22003017a 4500
001 BR7200640
003 BR-BrBNA
005 20230928083806.0
007 ta
008 230509b bl.||||| |||| 00| 0 por d
040 _aBR-BrBNA
_bpor
_cBiblioteca Nacional de Agricultura
041 _a(Por)
072 _aE30; F00; E15
_b3575
_b/G514
090 _ 3575 BR7200640
110 1 _aPlano Nacional de Sementes, Brasilia, DF (Brasil)
_97823
245 1 _aEstudos sobre a viabilidade da elaboracao do projeto de apoio tecnico - economico para implantacao do Plano Nacional de Sementes na regiao Nordeste [Brasil]
260 3 _aBrasilia, DF (Brasil):
_c1972.
300 _av. 1-2
500 _a101 tables; 15 ref.
650 _aSEMENTE
650 _aPOLITICA AGRICOLA
650 _aMELHORAMENTO VEGETAL
650 _aFINANCIAMENTO
650 _aESTATISTICA DE PRODUCAO
650 _aREGIAO NORDESTE
909 _a202309
_bLucia
_c55
_dLucia Elande
942 _cBK
999 _c15255
_d15255